000
00276nam a2200121 4500
999
_c
8290
_d
8290
082
_a
004
100
_a
NISTE
245
_a
Computer Applications 1
260
_a
Pakistan:
_b
National Book Foundation,
_c
2000.
300
_a
164p. ;
650
_a
Computer Applications
942
_c
BK